[Event "GER-ch Youth U14 2020"]
[Site "Willingen"]
[Date "2020.10.23"]
[Round "6.4"]
[White "Huo, Da"]
[Black "Eilenberg, Jonas"]
[Result "1/2-1/2"]
[WhiteElo "1868"]
[BlackElo "2242"]
[Annotator "TA"]
[PlyCount "131"]
[EventDate "2020.10.20"]
[EventType "swiss"]
[EventRounds "7"]
[EventCountry "GER"]
[SourceTitle "playchess.com"]
[Source "ChessBase"]
[SourceQuality "1"]

{[%evp 15,131,16,16,16,35,34,26,8,11,6,16,6,8,0,0,-159,0,0,0,-159,0,0,25,-30,-25,-30,-22,-25,-5,-55,0,-27,0,-34,-41,-32,36,27,26,25,66,52,117,89,74,66,77,0,101,0,165,-162,-171,-235,-250,-362,-362,-519,-508,-493,-493,-552,-413,-393,-225,-222,-58,-91,-27,-29,-16,-556,-468,-313,0,0,0,0,0,0,0,0,0,0,0,0,0,0,0,0,0,0,0,-25,0,-29,0,0,0,0,0,-29,0,0,0,-37,0,0,0,0,0,0,0,0,0,0,0,0]} 1. e4 e6 2. d4 d5 3. Nd2 Be7 4. Ngf3 Nf6 5. e5 Nfd7 6. Bd3 c5 7. c3 Nc6 8. O-O a5 9. a4 $1 {[%mdl 4] is more profitable than 9.Re1 at the moment. C06: French Tarrasch: 3...Nf6 4 e5 Nfd7 5 Bd3 main lines.} cxd4 {9...0-0 is not played anymore.} 10. cxd4 Nb4 11. Bb1 {White has an edge.} b6 12. Re1 Ba6 13. Nf1 Rc8 {[#]} 14. Be3 $146 ({Predecessor:} 14. Ra3 b5 15. h4 h6 16. Ng3 bxa4 17. Nh2 Qb6 18. Rf3 h5 19. Be3 g6 20. Rf4 {1-0 (44) Guseinov,G (2645)-Swayams,M (2440) Porticcio 2017}) 14... Rc6 15. Qb3 $2 {[#]} (15. Ng3 $11) 15... Bc4 $2 (15... Nc2 $1 $17 {[%cal Rc2a1][%mdl 512]} 16. Qxc2 (16. Bxc2 $2 Bc4 $19) 16... Rxc2 17. Bxc2 Nb8) 16. Qd1 $1 $11 Ba6 $36 {[%mdl 2048] Black is more active.} 17. Qb3 $2 {[#]} ({White should try} 17. Ng3 $11) 17... Nb8 $2 (17... Nc2 $1 $17 {[%cal Rc2a1][%mdl 512]} 18. Qxc2 (18. Bxc2 $2 Bc4 $19) 18... Rxc2 19. Bxc2 Nb8) 18. Bd2 g5 {...g4 is the strong threat.} 19. Bc3 (19. h3 $142) 19... g4 20. N3d2 h5 21. Qd1 Bf8 22. f3 Rg8 (22... Qh4 $15) 23. Nb3 Kd7 24. f4 Kc8 25. f5 exf5 (25... Rc7 $15) 26. Bxf5+ $14 Kb7 27. Ne3 Qg5 28. Nc1 Qh4 (28... f6 $14) 29. Nd3 Bh6 30. Nf1 Qg5 31. Ne3 (31. Qb1 $16) 31... Qd8 (31... Qh4 $1 $11 {remains equal.} 32. Bxb4 (32. Nxb4 axb4 33. Nxd5 bxc3 $11) 32... Bxe3+ 33. Rxe3 Qg5) 32. Nf1 (32. Qd2 $16) 32... Rg5 $2 (32... Qg5 $11 33. Ne3 Qh4 34. Bxb4 (34. Nxb4 Bxe3+ 35. Rxe3 axb4 $14) 34... Bxe3+ 35. Rxe3 Qg5) 33. Nxb4 $4 {[%mdl 8192]} (33. Bxb4 $18 {avoids the disaster.} Rxf5 34. Ng3) 33... axb4 $19 34. Bd2 (34. Qc2 $142) 34... Rxf5 35. Ng3 (35. Bxh6 $142 Rxh6 36. Qd2) 35... Bxd2 36. Nxf5 (36. Qxd2 {was the only chance.} Qg5 37. Rad1) 36... Bxe1 37. Qxe1 Qg5 38. Nd6+ Kc7 39. Nxf7 Qf4 (39... Qg6 $142 40. Qg3 h4) 40. e6 {aiming for e7.} Nd7 $2 (40... Qxd4+ 41. Kh1 $17) (40... Bc8 $19 41. e7 Bd7) 41. e7 $15 Nf6 ({Black should play} 41... Qxd4+ $17 42. Kh1 Nf6) 42. e8=Q Nxe8 43. Qxe8 $4 {[%mdl 8192]} (43. Qe7+ $11 {and White stays safe.} Kb8 44. Qxe8+ {[%mdl 64] Double Attack} Rc8 45. Qe5+ Qxe5 46. dxe5) 43... Qxd4+ 44. Kh1 Qf4 $2 (44... Qxb2 $19 45. Qd8+ Kb7) 45. Qd8+ $1 $11 {[%mdl 64] Double Attack} Kb7 46. Qd7+ Rc7 47. Nd6+ Kb8 48. Qd8+ Bc8 $1 {( -> ...Rc1+)} 49. Rg1 Qe3 {And now ...Rc1 would win.} 50. Nxc8 Rxc8 {[%mdl 4096] Endgame KQR-KQR} 51. Qd6+ Rc7 52. Qd8+ Kb7 {Hoping for ...Qe5.} 53. Qxd5+ Ka7 54. Qd1 (54. Qxh5 {looks sharper.} Rc1 55. Qf7+ Ka6 56. Rf1 Qe1 57. Kg1) 54... g3 55. h3 (55. Re1 {keeps more tension.} Qf2 56. hxg3 Qxb2 57. a5 bxa5 58. Qd5) 55... Qf2 56. b3 Qc5 57. Rf1 h4 58. Qf3 Re7 59. Qf4 Rc7 60. Qf3 Qc3 61. Qf4 {The position is equal.} Qc2 62. Qxb4 {Threatens to win with a5.} Qf2 {[%cal Rf2f1]} 63. Qe1 Qxe1 64. Rxe1 Ka6 {With the idea ...Rc3.} 65. b4 Rc4 66. Rb1 {Av CentiPawn Loss W=-33/B=-34. Weighted=-45/-50} 1/2-1/2

[Event "GER-ch Youth U14 2020"]
[Site "Willingen"]
[Date "2020.10.23"]
[Round "6.5"]
[White "Stork, Christopher"]
[Black "Hagner, Bennet"]
[Result "0-1"]
[WhiteElo "1869"]
[BlackElo "2080"]
[Annotator "ChessBase"]
[PlyCount "96"]
[EventDate "2020.10.20"]
[EventType "swiss"]
[EventRounds "7"]
[EventCountry "GER"]
[SourceTitle "playchess.com"]
[Source "ChessBase"]
[SourceQuality "1"]
[TimeControl "40/5400+30:1800+30"]

1. e4 {[%emt 0:00:00]} e5 {[%emt 0:00:00]} 2. Nf3 {[%emt 0:00:00]} Nc6 {[%emt 0:00:00]} 3. Bc4 {[%emt 0:00:00]} Nf6 {[%emt 0:00:00]} 4. d3 {[%emt 0:00:10]} h6 {[%emt 0:00:00]} 5. c3 {[%emt 0:00:48]} g5 {[%emt 0:00:12]} 6. O-O {[%emt 0:06:17]} d6 {[%emt 0:00:44]} 7. Nbd2 {[%emt 0:01:04]} Bg7 {[%emt 0:00:21]} 8. h3 {[%emt 0:04:32]} O-O {[%emt 0:00:48]} 9. Re1 {[%emt 0:01:33]} Kh8 {[%emt 0:04:49]} 10. Nf1 {[%emt 0:02:02]} d5 {[%emt 0:03:34]} 11. exd5 {[%emt 0:01:20]} Nxd5 {[%emt 0:00:08]} 12. Ng3 {[%emt 0:01:16]} f5 {[%emt 0:01:19]} 13. Nh5 {[%emt 0:02:24]} Qd6 {[%emt 0:01:31]} 14. Nxg7 {[%emt 0:03:05]} Kxg7 {[%emt 0:00:02]} 15. d4 {[%emt 0:01:06]} e4 {[%emt 0:00:47]} 16. Ne5 {[%emt 0:01:38]} Be6 {[%emt 0:03:12]} 17. Bxd5 {[%emt 0:04:48]} Qxd5 {[%emt 0:05:24]} 18. f4 {[%emt 0:07:04]} Nxe5 {[%emt 0:00:23]} 19. dxe5 {[%emt 0:01:15]} Qxd1 {[%emt 0:01:46]} 20. Rxd1 {[%emt 0:00:23]} Kg6 {[%emt 0:00:37]} 21. g3 {[%emt 0:01:26]} Rfd8 {[%emt 0:03:32]} 22. Be3 {[%emt 0:01:44]} Bc4 {[%emt 0:01:38]} 23. Kf2 {[%emt 0:05:50]} Bd3 {[%emt 0:00:59]} 24. Rd2 {[%emt 0:08:25]} Rd5 {[%emt 0:02:21]} 25. b3 {[%emt 0:05:39]} Ra5 {[%emt 0:08:01]} 26. a4 {[%emt 0:07:09]} Ra6 {[%emt 0:11:09]} 27. b4 {[%emt 0:03:53]} Rc6 {[%emt 0:01:56]} 28. Bd4 {[%emt 0:01:05]} Rc4 {[%emt 0:01:52]} 29. Rb2 {[%emt 0:07:11]} Kf7 {[%emt 0:16:10]} 30. b5 {[%emt 0:10:07]} Ke6 {[%emt 0:07:42]} 31. Rb4 {[%emt 0:04:55]} Kd5 {[%emt 0:02:34]} 32. Rxc4 {[%emt 0:00:51]} Kxc4 {[%emt 0:00:20]} 33. h4 {[%emt 0:01:21]} gxf4 {[%emt 0:05:41]} 34. gxf4 {[%emt 0:00:08]} Rg8 {[%emt 0:00:06]} 35. Rg1 {[%emt 0:00:35]} Rxg1 {[%emt 0:00:27]} 36. Kxg1 {[%emt 0:00:02]} Bc2 {[%emt 0:00:58]} 37. Bxa7 {[%emt 0:00:48]} Bxa4 {[%emt 0:04:34]} 38. Bb8 {[%emt 0:01:10]} Kxc3 {[%emt 0:06:09]} 39. Bxc7 {[%emt 0:00:50]} Bxb5 {[%emt 0:04:42]} 40. Kf2 {[%emt 0:00:46]} Kd3 {[%emt 0:00:01]} 41. Bb6 {[%emt 0:30:48]} Bd7 {[%emt 0:31:15]} 42. Bc5 {[%emt 0:00:00]} h5 {[%emt 0:00:00]} 43. Bb6 {[%emt 0:00:00]} Be6 {[%emt 0:00:00]} 44. Ba7 {[%emt 0:00:00]} b5 {[%emt 0:00:00]} 45. Bc5 {[%emt 0:00:00]} Bd7 {[%emt 0:00:00]} 46. Ke1 {[%emt 0:00:00]} e3 {[%emt 0:00:00]} 47. Bd6 {[%emt 0:00:00]} Be6 {[%emt 0:00:00]} 48. Bb4 {[%emt 0:00:00]} Ke4 0-1

[Event "GER-ch Youth U14 2020"]
[Site "Willingen"]
[Date "2020.10.23"]
[Round "6.6"]
[White "Chassard, Cedric"]
[Black "Ohler, Julius"]
[Result "0-1"]
[WhiteElo "1916"]
[BlackElo "2011"]
[Annotator "TA"]
[PlyCount "56"]
[EventDate "2020.10.20"]
[EventType "swiss"]
[EventRounds "7"]
[EventCountry "GER"]
[SourceTitle "playchess.com"]
[Source "ChessBase"]
[SourceQuality "1"]

{[%evp 11,56,0,0,0,38,0,4,-29,-37,-382,-375,-380,-377,-372,-373,-358,-358,-324,-346,-502,-525,-573,-573,-640,-474,-472,-462,-465,-455,-433,-413,-420,-394,-668,-527,-573,-525,-1005,-992,-1237,-1249,-1202,-1147,-1306,-1290,-1145,-710]} 1. e4 c6 2. c4 d5 3. exd5 cxd5 4. cxd5 Nf6 5. Nc3 Nxd5 6. Nf3 Nc6 7. Bb5 {7.Bb5 scores better than 7.d4. B10: Caro-Kann: 2 d3 and 2 c4.} Nc7 8. Bc4 {[#]} (8. Bxc6+ $5 bxc6 9. d4 $11) 8... Bf5 $146 ({Predecessor:} 8... e6 9. d4 Be7 10. O-O O-O 11. Re1 Bf6 12. Bf4 Na5 13. Bd3 Nd5 14. Nxd5 Qxd5 {½-½ (77) Guid,T (1447)-Lapushnian,M (1356) Bratislava 2019}) 9. Qb3 {The position is equal.} e6 10. Qxb7 $2 {[%mdl 8192] [#] Now White is beyond hope.} (10. d4 $15) 10... Na5 $1 $19 {[%csl LRb7,LRc4][%cal Ra5b7][%mdl 64] Double Attack} 11. Bb5+ Ke7 12. Ne5 Nxb7 13. Nc6+ Kf6 14. Nxd8 Rxd8 15. g4 (15. Be2 $142) 15... Nxb5 16. Nxb5 Bd3 17. Nxa7 Bc5 18. Nc6 {If only White now had time for b4....} Rc8 19. b4 {Now Bb2+ and White clings on.} Rxc6 20. bxc5 Nxc5 21. Bb2+ Kg6 22. Rc1 $2 (22. f3) 22... Rhc8 {Black is clearly winning.} 23. Rc3 Bb5 {Hoping for ...Nd3+.} 24. h4 Nd3+ 25. Rxd3 {[#]} Rc1+ $1 {[%mdl 512]} 26. Ke2 (26. Bxc1 Rxc1+) 26... Bxd3+ 27. Kf3 Rxh1 28. h5+ Rxh5 {Av CentiPawn Loss W=-96/B=-24. Weighted=-97/-29} 0-1

[Event "GER-ch Youth U14 2020"]
[Site "Willingen"]
[Date "2020.10.23"]
[Round "6.7"]
[White "Farokhi, Keyvan"]
[Black "Schubert, Nikita"]
[Result "1/2-1/2"]
[WhiteElo "2001"]
[BlackElo "1946"]
[Annotator "ChessBase"]
[PlyCount "84"]
[EventDate "2020.10.20"]
[EventType "swiss"]
[EventRounds "7"]
[EventCountry "GER"]
[SourceTitle "playchess.com"]
[Source "ChessBase"]
[SourceQuality "1"]
[TimeControl "40/5400+30:1800+30"]

1. e4 {[%emt 0:00:00]} e5 {[%emt 0:00:00]} 2. Nf3 {[%emt 0:00:00]} Nc6 {[%emt 0:00:00]} 3. Bb5 {[%emt 0:00:12]} a6 {[%emt 0:00:00]} 4. Ba4 {[%emt 0:00:08]} Nf6 {[%emt 0:00:07]} 5. O-O {[%emt 0:00:14]} Be7 {[%emt 0:00:14]} 6. Re1 {[%emt 0:00:16]} b5 {[%emt 0:00:16]} 7. Bb3 {[%emt 0:00:07]} O-O {[%emt 0:00:11]} 8. a4 {[%emt 0:00:20]} d5 {[%emt 0:04:57]} 9. Bxd5 {[%emt 0:07:49]} Nxd5 {[%emt 0:13:34]} 10. exd5 {[%emt 0:00:50]} Nd4 {[%emt 0:10:05]} 11. c3 {[%emt 0:08:41]} Nxf3+ {[%emt 0:07:06]} 12. Qxf3 {[%emt 0:00:16]} Bb7 {[%emt 0:00:52]} 13. Rxe5 {[%emt 0:27:40]} Bd6 {[%emt 0:03:04]} 14. Re3 {[%emt 0:00:18]} Bxd5 15. Qf5 {[%emt 0:03:19]} g6 {[%emt 0:10:05]} 16. Qg4 {[%emt 0:07:08]} h5 {[%emt 0:07:28]} 17. Qd1 {[%emt 0:11:17]} Bf4 {[%emt 0:09:44]} 18. d4 {[%emt 0:10:11]} Bxe3 {[%emt 0:04:12]} 19. Bxe3 {[%emt 0:00:42]} Qd7 {[%emt 0:04:21]} 20. Nd2 {[%emt 0:01:57]} Rab8 {[%emt 0:05:27]} 21. a5 {[%emt 0:06:31]} Rfe8 {[%emt 0:08:19]} 22. Nf3 {[%emt 0:01:01]} Qg4 {[%emt 0:02:34]} 23. b4 {[%emt 0:02:31]} f6 {[%emt 0:04:46]} 24. h3 {[%emt 0:02:03]} Qe4 {[%emt 0:01:02]} 25. Qb1 {[%emt 0:05:04]} Qxb1+ {[%emt 0:01:26]} 26. Rxb1 {[%emt 0:00:03]} Bxf3 27. gxf3 Kf7 {[%emt 0:01:48]} 28. d5 {[%emt 0:03:05]} Rbd8 {[%emt 0:00:42]} 29. Rd1 {[%emt 0:00:26]} Re5 {[%emt 0:00:22]} 30. c4 {[%emt 0:00:47]} bxc4 {[%emt 0:00:36]} 31. Rc1 {[%emt 0:00:02]} Rexd5 {[%emt 0:00:59]} 32. Rxc4 {[%emt 0:00:06]} R8d7 {[%emt 0:00:13]} 33. Bf4 {[%emt 0:01:40]} Rb5 {[%emt 0:00:53]} 34. Bxc7 {[%emt 0:00:13]} Rd1+ {[%emt 0:00:44]} 35. Kg2 {[%emt 0:00:05]} g5 {[%emt 0:00:35]} 36. Bb6 {[%emt 0:00:50]} Rd6 {[%emt 0:00:26]} 37. Rc7+ {[%emt 0:01:26]} Kg6 {[%emt 0:00:07]} 38. Ra7 {[%emt 0:00:37]} Re6 {[%emt 0:00:43]} 39. Rxa6 {[%emt 0:00:52]} Rxb4 {[%emt 0:00:19]} 40. Ra8 h4 41. a6 {[%emt 0:03:28]} Ra4 {[%emt 0:13:45]} 42. a7 {[%emt 0:00:31]} Rxb6 {[%emt 0:00:19]} 1/2-1/2

[Event "GER-ch Youth U14 2020"]
[Site "Willingen"]
[Date "2020.10.23"]
[Round "6.8"]
[White "Rempe, Jonas"]
[Black "Halabi, Ibrahim"]
[Result "1-0"]
[WhiteElo "1925"]
[BlackElo "1895"]
[Annotator "ChessBase"]
[PlyCount "57"]
[EventDate "2020.10.20"]
[EventType "swiss"]
[EventRounds "7"]
[EventCountry "GER"]
[SourceTitle "playchess.com"]
[Source "ChessBase"]
[SourceQuality "1"]
[TimeControl "40/5400+30:1800+30"]

1. e4 {[%emt 0:00:00]} c5 {[%emt 0:00:00]} 2. Nf3 {[%emt 0:00:00]} d6 {[%emt 0:00:03]} 3. d4 {[%emt 0:00:00]} cxd4 {[%emt 0:00:05]} 4. Nxd4 {[%emt 0:00:00]} Nf6 {[%emt 0:00:07]} 5. Nc3 {[%emt 0:00:00]} a6 {[%emt 0:00:06]} 6. Bc4 {[%emt 0:00:00]} e6 {[%emt 0:00:17]} 7. Be3 {[%emt 0:00:25]} b5 {[%emt 0:02:22]} 8. Bb3 {[%emt 0:00:16]} b4 {[%emt 0:02:48]} 9. Na4 {[%emt 0:00:41]} Nxe4 {[%emt 0:03:57]} 10. Nxe6 {[%emt 0:00:41]} fxe6 {[%emt 0:11:01]} 11. Nb6 {[%emt 0:00:07]} Ra7 {[%emt 0:01:59]} 12. Nxc8 {[%emt 0:00:12]} Rc7 {[%emt 0:03:56]} 13. Nb6 {[%emt 0:01:56]} d5 {[%emt 0:09:39]} 14. Qh5+ {[%emt 0:01:50]} Rf7 {[%emt 0:07:17]} 15. Ba4+ {[%emt 0:01:07]} Ke7 {[%emt 0:00:37]} 16. O-O-O {[%emt 0:05:56]} Rf5 {[%emt 0:05:32]} 17. Qe2 {[%emt 0:05:20]} Kf7 {[%emt 0:08:17]} 18. g4 {[%emt 0:01:06]} Rf6 {[%emt 0:00:15]} 19. f3 {[%emt 0:12:07]} Nc5 {[%emt 0:03:41]} 20. Bxc5 {[%emt 0:04:23]} Bxc5 {[%emt 0:00:07]} 21. Nc4 {[%emt 0:00:08]} Bd6 {[%emt 0:02:25]} 22. Ne3 {[%emt 0:02:56]} Bf4 {[%emt 0:02:06]} 23. Kb1 {[%emt 0:00:22]} Qa5 {[%emt 0:01:19]} 24. Bb3 {[%emt 0:00:45]} Qb6 {[%emt 0:01:04]} 25. Nxd5 {[%emt 0:07:31]} exd5 {[%emt 0:00:57]} 26. Rxd5 {[%emt 0:00:13]} Re8 {[%emt 0:09:19]} 27. Re5+ {[%emt 0:07:28]} Ree6 {[%emt 0:02:01]} 28. Rxe6 {[%emt 0:00:13]} Rxe6 {[%emt 0:00:08]} 29. Re1 {[%emt 0:00:04]} 1-0

[Event "GER-ch Youth U14 2020"]
[Site "Willingen"]
[Date "2020.10.23"]
[Round "6.9"]
[White "Tham, Nam"]
[Black "Foerster-Yialamas, Lucas"]
[Result "1-0"]
[WhiteElo "1890"]
[BlackElo "2033"]
[Annotator "ChessBase"]
[PlyCount "119"]
[EventDate "2020.10.20"]
[EventType "swiss"]
[EventRounds "7"]
[EventCountry "GER"]
[SourceTitle "playchess.com"]
[Source "ChessBase"]
[SourceQuality "1"]
[TimeControl "40/5400+30:1800+30"]

1. e4 {[%emt 0:00:00]} c5 {[%emt 0:00:00]} 2. Nf3 d6 3. d4 {[%emt 0:00:00]} cxd4 {[%emt 0:00:00]} 4. Nxd4 {[%emt 0:00:01]} Nf6 {[%emt 0:00:00]} 5. Nc3 {[%emt 0:00:11]} a6 {[%emt 0:00:00]} 6. Be3 {[%emt 0:00:16]} e5 {[%emt 0:00:00]} 7. Nb3 {[%emt 0:00:07]} Be6 {[%emt 0:00:00]} 8. f3 {[%emt 0:00:04]} Nbd7 {[%emt 0:00:00]} 9. Qd2 {[%emt 0:00:14]} b5 {[%emt 0:00:00]} 10. O-O-O {[%emt 0:00:09]} Be7 {[%emt 0:00:00]} 11. g4 {[%emt 0:00:28]} Nb6 {[%emt 0:00:00]} 12. Qf2 {[%emt 0:01:34]} Nc4 {[%emt 0:02:04]} 13. Bxc4 {[%emt 0:01:29]} bxc4 {[%emt 0:00:10]} 14. Nc5 {[%emt 0:03:41]} Bxg4 {[%emt 0:14:24]} 15. Nd5 {[%emt 0:10:42]} Nxd5 {[%emt 0:02:35]} 16. exd5 {[%emt 0:04:49]} Bf5 {[%emt 0:02:13]} 17. Ne4 {[%emt 0:00:09]} Bxe4 {[%emt 0:01:39]} 18. fxe4 {[%emt 0:00:08]} Qa5 {[%emt 0:04:33]} 19. Rhg1 {[%emt 0:04:40]} g6 {[%emt 0:05:39]} 20. Bh6 {[%emt 0:01:04]} Rg8 {[%emt 0:01:12]} 21. Qd2 {[%emt 0:04:48]} Qa4 {[%emt 0:08:04]} 22. Qc3 {[%emt 0:06:33]} Rc8 {[%emt 0:05:16]} 23. Rdf1 {[%emt 0:02:24]} Rb8 {[%emt 0:04:53]} 24. b3 {[%emt 0:14:11]} Qa3+ {[%emt 0:01:20]} 25. Kd2 {[%emt 0:00:10]} Qb4 {[%emt 0:05:01]} 26. bxc4 {[%emt 0:00:33]} Qxc3+ {[%emt 0:00:24]} 27. Kxc3 {[%emt 0:00:09]} f6 {[%emt 0:01:56]} 28. Be3 {[%emt 0:01:16]} Kd7 {[%emt 0:01:20]} 29. Rb1 {[%emt 0:00:34]} Rgc8 {[%emt 0:02:32]} 30. Ba7 {[%emt 0:02:13]} Ra8 {[%emt 0:04:39]} 31. Rb7+ {[%emt 0:01:21]} Rc7 {[%emt 0:00:10]} 32. Rxc7+ {[%emt 0:00:22]} Kxc7 {[%emt 0:00:00]} 33. Be3 {[%emt 0:00:15]} Rb8 {[%emt 0:00:44]} 34. Rf1 {[%emt 0:00:17]} Kd7 {[%emt 0:00:57]} 35. a4 {[%emt 0:03:49]} Bd8 {[%emt 0:01:42]} 36. c5 {[%emt 0:01:57]} dxc5 {[%emt 0:05:45]} 37. Bxc5 {[%emt 0:01:38]} Ba5+ {[%emt 0:04:46]} 38. Kc4 {[%emt 0:01:25]} Rb2 {[%emt 0:02:06]} 39. c3 {[%emt 0:00:17]} Rc2 {[%emt 0:01:05]} 40. Bb4 {[%emt 0:00:42]} Bd8 {[%emt 0:00:33]} 41. Bc5 {[%emt 0:33:02]} Re2 {[%emt 0:33:11]} 42. Kd3 {[%emt 0:00:24]} Rxh2 {[%emt 0:01:43]} 43. Rb1 {[%emt 0:00:06]} Rh3+ {[%emt 0:00:27]} 44. Kc4 {[%emt 0:00:04]} Ba5 {[%emt 0:00:27]} 45. Bb4 {[%emt 0:00:35]} Bxb4 {[%emt 0:02:00]} 46. Rxb4 {[%emt 0:00:13]} Kc7 {[%emt 0:00:17]} 47. a5 {[%emt 0:00:34]} Re3 {[%emt 0:00:33]} 48. Rb6 {[%emt 0:00:16]} Rxe4+ {[%emt 0:01:11]} 49. Kc5 {[%emt 0:00:05]} Re3 {[%emt 0:01:53]} 50. c4 {[%emt 0:00:40]} f5 {[%emt 0:00:55]} 51. d6+ {[%emt 0:00:18]} Kd7 {[%emt 0:00:11]} 52. Rxa6 {[%emt 0:00:24]} Rd3 {[%emt 0:01:44]} 53. Ra7+ {[%emt 0:00:49]} Ke6 {[%emt 0:00:02]} 54. Re7+ {[%emt 0:00:15]} Kf6 {[%emt 0:00:01]} 55. a6 {[%emt 0:00:52]} f4 {[%emt 0:00:47]} 56. a7 {[%emt 0:00:06]} Ra3 {[%emt 0:00:07]} 57. Rxh7 {[%emt 0:00:47]} f3 {[%emt 0:00:19]} 58. d7 {[%emt 0:00:03]} f2 {[%emt 0:01:34]} 59. d8=Q+ {[%emt 0:00:11]} Kf5 {[%emt 0:00:28]} 60. Rf7+ {[%emt 0:00:13]} 1-0

[Event "GER-ch Youth U14 2020"]
[Site "Willingen"]
[Date "2020.10.23"]
[Round "6.10"]
[White "Spriestersbach, Kai"]
[Black "Hommer, Jeremy"]
[Result "0-1"]
[WhiteElo "1863"]
[BlackElo "2246"]
[Annotator "TA"]
[PlyCount "64"]
[EventDate "2020.10.20"]
[EventType "swiss"]
[EventRounds "7"]
[EventCountry "GER"]
[SourceTitle "playchess.com"]
[Source "ChessBase"]
[SourceQuality "1"]

{[%evp 15,64,9,22,8,4,4,16,-18,8,-18,-7,-22,-25,-31,4,-30,8,-61,-73,-70,-77,-52,-75,-62,-20,-50,0,-9,-8,-47,0,0,0,-11,0,0,0,0,0,-153,-148,-168,-166,-370,-237,-897,-852,-4894,-5022,-29984,-29985]} 1. e4 e6 2. d4 d5 3. Nc3 Nf6 4. e5 Nfd7 5. f4 c5 6. Nf3 Nc6 7. Be3 a6 8. Qd2 b5 {[%cal Bb7b5,Bb5b4][%mdl 32]} 9. Nd1 {C11: French: Classical System: 4 e5 and 4 Bg5 dxe4.} b4 10. c3 a5 {[#]} 11. h4 $146 {The position is equal.} ({Predecessor:} 11. c4 cxd4 12. Nxd4 Nxd4 13. Bxd4 dxc4 14. Bxc4 Be7 15. Ne3 O-O 16. O-O Bb7 17. Rad1 {1-0 (45) Bindrich,F (2605)-Goryachkina,A (2493) Caleta 2018}) 11... Qb6 12. h5 Ba6 13. g4 bxc3 14. bxc3 Bxf1 (14... cxd4 {looks sharper.} 15. Nxd4 Bc5 16. Bxa6 Qxa6 17. Qe2 Qb6) 15. Rxf1 (15. Kxf1 {feels hotter.} h6 16. Qd3 Rb8 17. f5 cxd4 18. cxd4 Nb4 19. Qe2) 15... Rc8 16. Nf2 (16. Kf2 $11) 16... cxd4 $15 17. Nxd4 Nxd4 18. Bxd4 Bc5 19. Ke2 Bxd4 20. cxd4 O-O 21. Rfc1 f6 22. Rab1 Qa7 23. Rxc8 Rxc8 24. Rb5 Qc7 {Threatens to win with ...Qc4+.} 25. Rxa5 fxe5 26. fxe5 Rf8 {Strongly threatening ...Nb6.} 27. Kf1 $2 {[#]} (27. Ra3 $1 $11) 27... Nb6 $1 $17 {[%cal Rb6c4][%mdl 1024] Hoping for ...Nc4! Black has strong compensation.} 28. Rc5 Qf7 $36 {[%mdl 2048] aiming for ...Qf3. Black is on the roll.} 29. Rc2 $2 (29. Rc3) 29... Nc4 30. Qd3 $2 (30. Qe2) 30... Qf4 $19 31. Kg1 {[#]} Ne3 $1 {[%mdl 576] Double Attack} 32. Nh1 Qxg4+ {[%mdl 64] Double Attack. Av CentiPawn Loss W=-136/B=-11. Weighted=-167/-11} 0-1

[Event "GER-ch Youth U14 2020"]
[Site "Willingen"]
[Date "2020.10.23"]
[Round "6.11"]
[White "Ermitsch, Magnus"]
[Black "Bungarten, Jona"]
[Result "1/2-1/2"]
[WhiteElo "2049"]
[BlackElo "1834"]
[Annotator "ChessBase"]
[PlyCount "79"]
[EventDate "2020.10.20"]
[EventType "swiss"]
[EventRounds "7"]
[EventCountry "GER"]
[SourceTitle "playchess.com"]
[Source "ChessBase"]
[SourceQuality "1"]
[TimeControl "40/5400+30:1800+30"]

1. e4 {[%emt 0:00:19]} e5 {[%emt 0:00:00]} 2. Nf3 {[%emt 0:00:45]} Nc6 {[%emt 0:00:00]} 3. Bb5 {[%emt 0:00:52]} Nge7 {[%emt 0:00:05]} 4. Nc3 {[%emt 0:01:30]} Ng6 {[%emt 0:00:25]} 5. O-O {[%emt 0:03:03]} Bc5 {[%emt 0:00:19]} 6. a3 {[%emt 0:07:51]} O-O {[%emt 0:01:56]} 7. b4 {[%emt 0:01:25]} Be7 {[%emt 0:03:46]} 8. Bc4 {[%emt 0:04:50]} d6 {[%emt 0:05:20]} 9. d3 {[%emt 0:01:40]} Bg4 {[%emt 0:02:24]} 10. h3 {[%emt 0:01:12]} Bxf3 {[%emt 0:01:21]} 11. Qxf3 {[%emt 0:00:29]} Nd4 {[%emt 0:00:08]} 12. Qd1 {[%emt 0:01:33]} Bg5 {[%emt 0:00:54]} 13. Be3 {[%emt 0:13:52]} c6 {[%emt 0:25:16]} 14. Ne2 {[%emt 0:15:44]} Ne6 {[%emt 0:04:06]} 15. d4 {[%emt 0:06:32]} Bf4 {[%emt 0:15:05]} 16. dxe5 {[%emt 0:08:15]} Bxe5 {[%emt 0:01:32]} 17. Rb1 {[%emt 0:01:55]} Qh4 {[%emt 0:03:47]} 18. Rb3 {[%emt 0:09:51]} d5 {[%emt 0:05:35]} 19. exd5 {[%emt 0:01:56]} Qxc4 {[%emt 0:00:09]} 20. dxe6 {[%emt 0:00:10]} fxe6 {[%emt 0:00:17]} 21. Qd3 {[%emt 0:01:27]} Qh4 {[%emt 0:02:41]} 22. Bc5 {[%emt 0:02:03]} Rf7 {[%emt 0:05:19]} 23. Qe3 {[%emt 0:02:34]} Qf6 {[%emt 0:04:31]} 24. Bd4 {[%emt 0:01:40]} Bxd4 {[%emt 0:00:57]} 25. Qxd4 {[%emt 0:00:19]} e5 {[%emt 0:00:46]} 26. Qe4 {[%emt 0:00:24]} Rd8 {[%emt 0:01:09]} 27. Rd3 {[%emt 0:02:08]} Rxd3 {[%emt 0:00:42]} 28. Qxd3 {[%emt 0:00:13]} Qg5 {[%emt 0:02:02]} 29. Rd1 {[%emt 0:02:28]} Rf8 {[%emt 0:02:55]} 30. Qg3 {[%emt 0:00:49]} Qf5 {[%emt 0:00:20]} 31. Rd2 {[%emt 0:01:03]} h6 {[%emt 0:02:54]} 32. Qe3 {[%emt 0:01:06]} Nf4 {[%emt 0:02:30]} 33. Nxf4 {[%emt 0:02:27]} Qxf4 {[%emt 0:00:44]} 34. Re2 {[%emt 0:01:15]} Rd8 {[%emt 0:02:49]} 35. Qxf4 {[%emt 0:02:50]} exf4 {[%emt 0:00:08]} 36. Re7 {[%emt 0:00:51]} Rd1+ {[%emt 0:00:12]} 37. Kh2 {[%emt 0:00:05]} Ra1 {[%emt 0:00:23]} 38. Rxb7 {[%emt 0:00:37]} Rxa3 {[%emt 0:00:05]} 39. Rc7 {[%emt 0:00:54]} Rc3 {[%emt 0:00:37]} 40. Rxa7 {[%emt 0:00:00]} 1/2-1/2